000 00661 a2200217 4500
020 _a007252362X
020 _a9780072523621
040 _aDLC
_bDLC
100 1 _aNeamen, Donald A.
245 1 0 _aMicroelectronics: Circuit analysis and design
_cDonald A. Neamen.
246 3 0 _aCircuit analysis and design.
250 _a3rd ed.
260 _aDubuque, Iowa :
_bMcGraw-Hill,
_c2007.
300 _a1370 p. :
_bill. ;
_c27 cm.
500 _aIncludes index.
650 0 _aElectronic circuit design.
650 0 _aSemiconductors
_xDesign and construction.
650 0 _aElectronic circuit design.
700 1 _aNeamen, Donald A.
942 _cBK
_k621.3815 NEA
_2ddc
999 _c10082
_d10082